Calcul des probabilités et introduction aux processus aléatoires

Uloženo v:
Podrobná bibliografie
Hlavní autor: Tortrat, A (Autor)
Médium: Kniha
Jazyk:francouzština
Vydáno: París Masson 1971
Témata:
Tagy: Přidat tag
Žádné tagy, Buďte první, kdo vytvoří štítek k tomuto záznamu!

MARC

LEADER 00000nam a2200000 a 4500
001 UCP2297
003 CL-VaPUC
008 990507e19710000FR |||||||||||||||||fre|d
082 0 4 |a 519.2  |b TOR  |2 21 
100 0 |a Tortrat, A  |e author  |9 428940 
245 1 0 |a Calcul des probabilités et introduction aux processus aléatoires 
300 |a 303 p 
942 |c BK 
945 |d 19990507 00:00:00  |a crobeson 
260 |a París  |b Masson  |c 1971 
650 7 |a CALCULO DE PROBABILIDADES  |2 CL-VaPUC  |9 357433 
650 0 |a Teoría de probabilidades   |9 336944 
650 0 |a Variables aleatorias   |9 270745 
650 7 |a PROCESOS DE POISSON  |2 CL-VaPUC  |9 424761 
583 |a last modification  |c 19990507 00:00:00  |k Rodrigo Vera 
999 |c 280850  |d 280848 
952 |0 0  |1 0  |4 0  |6 519_200000000000000_TOR_1971  |7 0  |8 A  |9 321364  |a BIBGIM  |b BIBGIM  |d 2019-11-20  |i 1345540  |o 519.2 TOR 1971  |p 1345540  |r 2025-01-15  |w 2019-11-20  |y BK  |k EST